000 01361cam a2200277 4500
001 ABS64972
008 011211n2001 000 0 eng u
035 _a(Sirsi) u115955
100 _aClark, P
245 _aWhat happens next?
260 _c2001
490 _aBuilding
_v266(8208) 2 November 2001, 26-27(2)
520 _aLooks at the impact of Railtrack's collapse on the rail industry. Railtrack staff are worried about their jobs and some of the prominent rail contractors such as Jarvis, Amec, Balfour Betaty and Carillion are nervous about upcoming projects, despite publicly claiming business as usual. Contractors and engineers are also frustrated that government hasn't yet consulted on the future direction of the rail industry. Following the Railtrack disaster, Byers has announced that future megaprojects such as the East Coast Main Line will be procured through public-private partnerships (PPP). In addition, train operating companies may be spending more on infrastructure.
590 _aABS
650 _aRAILTRACK
650 _aRAILWAYS
650 _aPUBLIC PRIVATE PARTNERSHIPS
650 _aPUBLIC PRIVATE PARTNERSHIPS
650 _aRAIL NETWORK
650 _aCONTRACTORS
650 _aINFRASTRUCTURE PROJECTS
650 _aENGINEERS
690 _aTRANSPORT AND COMMUNICATIONS
700 _aBlack, S
942 _n0
999 _c69078
_d69078